000 00253nam a22001217a 4500
008 170331b xxu||||| |||| 00| 0 eng d
041 _aeng
080 _a617
100 _a8
101 _aSHM
245 _aSPORT MEDICINE
_cGRIFFIN.L.Y
942 _2udc
_cBK
999 _c9309
_d9309